Top 10 Złotej Piłki France Football 2021 - Statystyki

Ogólne statystyki
  • Ten quiz został rozwiązany 55 razy
  • Średni wynik to 7 z 10
Statystyki odpowiedzi
Miejsce Narodowość Klub Zawodnik % Poprawnych
1 Argentyna FC Barcelona/Paris Saint-Germain Lionel Messi
98%
2 Polska Bayern Monachium Robert Lewandowski
96%
9 Francja Paris Saint-Germain Kylian Mbappé
90%
6 Portugalia Juventus Cristiano Ronaldo
84%
4 Francja Real Madryt Karim Benzema
73%
7 Egipt Liverpool Mohamed Salah
71%
8 Belgia Manchester City Kevin de Bruyne
59%
3 Włochy Chelsea Londyn Jorginho
51%
5 Francja Chelsea Londyn N'Golo Kanté
47%
10 Włochy AC Milan/Paris Saint-Germain Gianluigi Donnarumma
35%
Nie znaleziono quizów pasujących do podanych kryteriów
Rozkład punktacji
Procent ludzi z każdym wynikiem
Percentyl według liczby udzielonych odpowiedzi
Twoja historia wyników
Nie rozwiązałeś tego quizu